| 000 | 01118nam a22002537a 4500 | ||
|---|---|---|---|
| 005 | 20240530110605.0 | ||
| 008 | 161102s2015 ua k ag b 000 0 ara d | ||
| 017 |
_a2014/11223 _bمصر. دار الكتب |
||
| 020 | _a9789772767403 | ||
| 040 |
_aEG-CaGPL _cEG-CaGPL |
||
| 082 | 0 | 4 |
_221 _a320.6\ _bع ق |
| 100 | 0 | _aعبدالمنعم محمد عدلي عبدالمنعم | |
| 245 | 1 | 2 |
_aالقرار الاستراتيجي في ضوء المتغيرات الدولية : _bدراسة في صنع القرار نموذج للتحليل/ _cعبدالمنعم محمد عدلي عبدالمنعم |
| 250 | _aط .1 | ||
| 260 |
_aالقاهرة : _bالمكتب العربي للمعارف ، _c2015 . |
||
| 300 |
_a369 ص : _bايض ؛ _c24 سم . |
||
| 490 | 0 | _aالسياسة الدولية و الاستراتيجية | |
| 504 | _aيشتمل على ارجاعات اضافية . | ||
| 650 | 0 | 7 |
_2qrmak _aالسياسة الدولية |
| 650 | 0 | 7 |
_2qrmak _aالقرارات السياسية |
| 650 | 0 | 7 |
_2qrmak _aاتخاذ القرارات |
| 942 |
_2ddc _cBK |
||
| 999 |
_c62752 _d62752 |
||